| 000 | 00379cam a2200145ua 4500 | ||
|---|---|---|---|
| 003 | OSt | ||
| 008 | 241231b |||||||| |||| 00| 0 eng d | ||
| 041 | _aeng | ||
| 082 |
_a621.366 _bKEI/OP |
||
| 100 |
_aKieser, Gerd . _96663 |
||
| 245 | _aOptical fiber communications / | ||
| 260 |
_aNew Delhi : _bTata Mc-Graw Hill Publishing Company , _c2009. |
||
| 300 | _a ; . | ||
| 942 | _cBK | ||
| 999 |
_c13445 _d13445 |
||